000
00255nam a22001217a 4500
008
181205b xxu||||| |||| 00| 0 eng d
041
_a
eng
080
_a
701
100
_a
44
101
_a
ART
245
_a
What is Art?
_c
Tolstoi,C.L.N
942
_2
udc
_c
BK
999
_c
52858
_d
52858